000 00496nam a2200181Ia 4500
005 20250508162212.0
008 008 250505s9999 xx 000 0 hin d
037 _aTextual
040 _aFEDL
_beng
_cFEDL
041 _ahin
_2eng
084 _a574.07, KUL
_qFEDL
100 _aS P Kulshrettha
_9772571
245 0 _aJeev vigiyan shikshan
260 _aMeerut, India
_bLoyal Book Depot
_c1977
300 _avii,180p.
942 _cTEXL
_h574.07, KUL
999 _c1374993
_d1374993